000 00761nam a2200217Ia 4500
003 GCL
008 140319s9999 xx 000 0 ara d
040 _aGCL /
_cGCL
082 0 4 _a531.64
_bم ط
100 1 _aمحمد ماهر محمود الحسينى
245 1 0 _aالطاقة المتحدة ومجالات استخدامها فى مصر خلال العشرين السنه القادمة /
_cمحمد ماهر محمود الحسينى
260 _a[S.N] :
_bالهيئة المصرية العامة للكتاب ،
_c1992
300 _a167 ص
490 _a
650 0 4 _aالطاقة الكهربائية
650 0 4 _aالطاقة
650 0 4 _aمصادر الطاقة
650 0 4 _aاشكال
650 0 4 _aالتمويل
942 _2ddc
_cBK
999 _c27775
_d27775